[Event "IV Copa Marcel Duchamp 2020"]
[Site "Montevideo"]
[Date "2020.02.15"]
[Round "9.18"]
[White "Carvalho, Guillermo"]
[Black "Rodriguez Farias, Eduardo"]
[Result "1-0"]
[WhiteElo "2187"]
[BlackElo "1963"]
[Annotator "NA"]
[PlyCount "71"]
[EventDate "2020.02.08"]
[EventType "swiss"]
[EventCountry "URU"]
[SourceTitle "playchess.com"]
[Source "ChessBase"]
[SourceQuality "1"]
[TimeControl "5400+30"]

1. d4 {[%emt 0:00:00]} Nf6 {[%emt 0:00:32]} 2. Nf3 {[%emt 0:01:51]} d6 {[%emt 0:02:00]} 3. Nc3 {[%emt 0:01:20]} Nbd7 {[%emt 0:01:55]} 4. e4 {[%emt 0:00:16]} e5 {[%emt 0:00:14]} 5. Be2 {[%emt 0:01:54]} Be7 {[%emt 0:00:21]} 6. O-O {[%emt 0:00:10]} O-O {[%emt 0:00:23]} 7. h3 {[%emt 0:00:53]} c6 {[%emt 0:02:24]} 8. Re1 {[%emt 0:02:13]} Re8 {[%emt 0:03:42]} 9. Bf1 {[%emt 0:03:25]} Qc7 {[%emt 0:06:08]} 10. g3 {[%emt 0:02:35]} Bf8 {[%emt 0:06:24]} 11. Bg2 {[%emt 0:01:07]} g6 {[%emt 0:07:28]} 12. Bg5 {[%emt 0:02:03]} h6 {[%emt 0:01:21]} 13. Be3 {[%emt 0:00:19]} Bg7 {[%emt 0:00:14]} 14. Qd2 {[%emt 0:02:22]} Kh7 {[%emt 0:00:08]} 15. Rad1 {[%emt 0:00:14]} Rb8 {[%emt 0:09:19]} 16. dxe5 {[%emt 0:00:52]} dxe5 $14 {[%emt 0:06:57]} 17. Bxa7 {[%emt 0:01:00]} Ra8 {[%emt 0:00:09]} 18. Be3 {[%emt 0:00:06]} Qa5 {[%emt 0:01:36]} 19. Qc1 {[%emt 0:01:52]} Nc5 {[%emt 0:02:32]} 20. Nd2 {[%emt 0:00:39]} Be6 {[%emt 0:01:12]} 21. a3 {[%emt 0:02:42]} Na4 {[%emt 0:02:23]} 22. Nxa4 {[%emt 0:03:56]} Qxa4 {[%emt 0:01:51]} 23. Nb1 {[%emt 0:00:13]} Bf8 {[%emt 0:07:03]} 24. b3 {[%emt 0:07:48]} Qa5 {[%emt 0:02:28]} 25. Qb2 {[%emt 0:06:26]} Rad8 {[%emt 0:04:41]} 26. Bd2 {[%emt 0:02:57]} Qc7 {[%emt 0:03:28]} 27. Be3 {[%emt 0:04:37]} Bg7 {[%emt 0:04:28]} 28. Nc3 {[%emt 0:02:52]} Ng8 {[%emt 0:01:19]} 29. Na4 {[%emt 0:01:00]} Rxd1 {[%emt 0:01:38]} 30. Rxd1 {[%emt 0:00:06]} Ne7 {[%emt 0:00:09]} 31. Bb6 {[%emt 0:03:44]} Qc8 {[%emt 0:00:21]} 32. Kh2 {[%emt 0:00:12]} f5 {[%emt 0:01:20]} 33. Nc5 {[%emt 0:00:49]} f4 {[%emt 0:01:12]} 34. Rd6 {[%emt 0:02:23]} Ng8 {[%emt 0:01:56]} 35. Nxe6 {[%emt 0:00:42]} Rxe6 {[%emt 0:00:03]} 36. Rd8 {[%emt 0:00:13]} 1-0

[Event "IV Copa Marcel Duchamp 2020"]
[Site "Montevideo"]
[Date "2020.02.15"]
[Round "9.19"]
[White "Dotta, Gian Franco"]
[Black "Benoit, Rodrigo"]
[Result "0-1"]
[WhiteElo "2000"]
[BlackElo "2170"]
[Annotator "ChessBase"]
[PlyCount "84"]
[EventDate "2020.02.08"]
[EventType "swiss"]
[EventCountry "URU"]
[SourceTitle "playchess.com"]
[Source "ChessBase"]
[SourceQuality "1"]
[TimeControl "5400+30"]

1. e4 {[%emt 0:05:47]} g6 {[%emt 0:09:29]} 2. d4 {[%emt 0:00:08]} Bg7 {[%emt 0:00:17]} 3. Nc3 {[%emt 0:01:30]} d6 {[%emt 0:00:14]} 4. f4 {[%emt 0:00:11]} c6 {[%emt 0:00:31]} 5. Nf3 {[%emt 0:00:09]} Bg4 {[%emt 0:00:12]} 6. Be3 {[%emt 0:00:20]} e6 {[%emt 0:00:30]} 7. h3 {[%emt 0:01:36]} Bxf3 {[%emt 0:00:09]} 8. Qxf3 {[%emt 0:00:06]} Ne7 {[%emt 0:01:02]} 9. Bd3 {[%emt 0:01:46]} f5 {[%emt 0:00:41]} 10. d5 {[%emt 0:04:03]} fxe4 {[%emt 0:01:10]} 11. Nxe4 {[%emt 0:08:19]} exd5 {[%emt 0:02:49]} 12. Ng5 {[%emt 0:05:43]} Qd7 {[%emt 0:00:13]} 13. f5 {[%emt 0:14:15]} Nxf5 {[%emt 0:01:59]} 14. Bxf5 {[%emt 0:01:13]} Qxf5 {[%emt 0:00:03]} 15. O-O {[%emt 0:10:20]} Qxf3 {[%emt 0:07:05]} 16. Rxf3 {[%emt 0:00:14]} Be5 {[%emt 0:00:16]} 17. Raf1 {[%emt 0:02:31]} Na6 {[%emt 0:00:35]} 18. Ne6 {[%emt 0:05:09]} Ke7 {[%emt 0:01:32]} 19. Ng7 {[%emt 0:06:10]} Bxg7 {[%emt 0:00:56]} 20. Rf7+ {[%emt 0:00:09]} Ke6 {[%emt 0:00:23]} 21. Rxg7 {[%emt 0:00:15]} Raf8 {[%emt 0:00:35]} 22. Re1 {[%emt 0:02:33]} Rf5 {[%emt 0:00:18]} 23. Bg5+ {[%emt 0:00:24]} Re5 {[%emt 0:00:09]} 24. Rxe5+ {[%emt 0:02:50]} dxe5 {[%emt 0:00:12]} 25. Rxb7 {[%emt 0:00:30]} d4 {[%emt 0:01:54]} 26. Rxa7 {[%emt 0:04:16]} Nb4 27. c3 {[%emt 0:00:47]} Nd3 {[%emt 0:00:36]} 28. cxd4 {[%emt 0:03:12]} exd4 {[%emt 0:00:02]} 29. Re7+ {[%emt 0:01:03]} Kd6 {[%emt 0:00:59]} 30. Re4 {[%emt 0:02:41]} c5 {[%emt 0:02:10]} 31. Bf6 {[%emt 0:02:51]} Ra8 {[%emt 0:00:43]} 32. Rh4 {[%emt 0:02:17]} Nxb2 {[%emt 0:04:16]} 33. Kh2 {[%emt 0:03:57]} d3 {[%emt 0:03:08]} 34. Bc3 {[%emt 0:02:27]} Rxa2 {[%emt 0:00:40]} 35. Rxh7 {[%emt 0:00:43]} Na4 {[%emt 0:00:46]} 36. Ba5 {[%emt 0:01:04]} Nb6 {[%emt 0:03:32]} 37. Bxb6 {[%emt 0:03:58]} d2 {[%emt 0:00:10]} 38. Rh8 {[%emt 0:01:32]} Kc6 {[%emt 0:00:05]} 39. Rd8 {[%emt 0:00:50]} Kxb6 {[%emt 0:00:10]} 40. Kg3 {[%emt 0:00:10]} c4 {[%emt 0:00:10]} 41. Kf3 {[%emt 0:00:16]} c3 {[%emt 0:00:24]} 42. Ke2 {[%emt 0:01:51]} Ra1 {[%emt 0:00:17]} 0-1

[Event "IV Copa Marcel Duchamp 2020"]
[Site "Montevideo"]
[Date "2020.02.15"]
[Round "9.20"]
[White "Durante, Aurelio"]
[Black "Dominguez, Facundo"]
[Result "1/2-1/2"]
[WhiteElo "1955"]
[BlackElo "2135"]
[Annotator "NA"]
[PlyCount "89"]
[EventDate "2020.02.08"]
[EventType "swiss"]
[EventCountry "URU"]
[SourceTitle "playchess.com"]
[Source "ChessBase"]
[SourceQuality "1"]
[TimeControl "5400+30"]

1. e4 {[%emt 0:00:00]} c5 {[%emt 0:00:57]} 2. Nf3 {[%emt 0:00:00]} e6 {[%emt 0:00:19]} 3. c3 {[%emt 0:00:00]} Nc6 {[%emt 0:00:27]} 4. d4 {[%emt 0:07:49]} cxd4 {[%emt 0:01:02]} 5. cxd4 {[%emt 0:00:02]} d5 {[%emt 0:00:08]} 6. exd5 {[%emt 0:01:13]} exd5 {[%emt 0:03:59]} 7. Nc3 {[%emt 0:01:10]} Nf6 {[%emt 0:01:04]} 8. a3 {[%emt 0:00:21]} Be7 {[%emt 0:01:15]} 9. Be2 {[%emt 0:00:38] D40: Queen's Gambit Declined: Semi-Tarrasch with 5 e3.} O-O {[%emt 0:00:21]} 10. O-O {[%emt 0:00:03]} Bf5 {[%emt 0:02:44] [#]} 11. Bf4 $146 {[%emt 0:01:45]} ({Predecessor:} 11. Be3 Rc8 12. Rc1 Ne4 13. Nxe4 dxe4 14. Ne5 Nxe5 15. dxe5 Rxc1 16. Qxc1 Qa5 17. Bd4 {½-½ (36) Rott,G (2221)-Schiefelbusch,D (2135) Dortmund 2010}) 11... Rc8 {[%emt 0:02:54]} 12. Rc1 {[%emt 0:00:04]} Ne4 {[%emt 0:03:54]} 13. Qb3 {[%emt 0:08:49]} Na5 {[%emt 0:00:55]} 14. Qa2 {[%emt 0:01:46]} Be6 {[%emt 0:04:57]} 15. Bd3 {[%emt 0:01:30]} Nxc3 {[%emt 0:06:47]} 16. Rxc3 {[%emt 0:01:45]} Rxc3 {[%emt 0:00:09]} 17. bxc3 {[%emt 0:00:02]} Qc8 {[%emt 0:00:19]} 18. Rc1 {[%emt 0:01:37]} Rd8 {[%emt 0:10:52]} 19. Bg5 $15 {[%emt 0:08:45]} Bxg5 {[%emt 0:06:00]} 20. Nxg5 {[%emt 0:00:03]} h6 {[%emt 0:00:08]} 21. Nf3 {[%emt 0:00:16]} Rd7 {[%emt 0:04:28]} 22. Bb1 {[%emt 0:01:56]} Nc4 {[%emt 0:02:56]} 23. h4 {[%emt 0:06:56]} Rc7 {[%emt 0:03:56]} 24. Qc2 {[%emt 0:09:13]} g6 {[%emt 0:00:45]} 25. Qa2 {[%emt 0:04:21]} Bf5 {[%emt 0:06:44]} 26. a4 {[%emt 0:09:47]} Re7 {[%emt 0:05:43]} 27. Re1 {[%emt 0:05:24]} Rxe1+ {[%emt 0:00:49]} 28. Nxe1 {[%emt 0:02:05]} Bxb1 {[%emt 0:07:32]} 29. Qxb1 {[%emt 0:00:02]} Qe8 {[%emt 0:03:20]} 30. Nf3 {[%emt 0:01:28]} b6 {[%emt 0:04:13]} 31. Qc1 {[%emt 0:01:45]} Kg7 {[%emt 0:01:37]} 32. Qf4 {[%emt 0:01:38]} Qe7 {[%emt 0:07:00]} 33. g4 {[%emt 0:07:34]} Nd6 {[%emt 0:04:29]} 34. h5 {[%emt 0:07:39]} Ne4 {[%emt 0:02:29]} 35. hxg6 {[%emt 0:01:04]} fxg6 {[%emt 0:00:11]} 36. Ne5 {[%emt 0:00:50]} Nxc3 {[%emt 0:01:08]} 37. Qf3 {[%emt 0:00:26]} Ne4 {[%emt 0:00:16]} 38. Kg2 {[%emt 0:01:54]} Qf6 {[%emt 0:00:59]} 39. Qe3 {[%emt 0:01:44]} Ng5 {[%emt 0:00:52]} 40. Qb3 {[%emt 0:01:43]} Ne6 {[%emt 0:00:09]} 41. Kg1 {[%emt 0:01:12]} Nf4 {[%emt 0:00:39]} 42. Qc2 {[%emt 0:00:24]} Ne6 {[%emt 0:00:54]} 43. Qd3 {[%emt 0:03:37]} Nf4 {[%emt 0:00:34]} 44. Qc2 {[%emt 0:00:07]} Ne6 {[%emt 0:00:21]} 45. Qc6 1/2-1/2

[Event "IV Copa Marcel Duchamp 2020"]
[Site "Montevideo"]
[Date "2020.02.15"]
[Round "9.21"]
[White "Aguilar Samper, Valentin"]
[Black "Curi, Gabriel"]
[Result "1/2-1/2"]
[WhiteElo "1946"]
[BlackElo "2132"]
[Annotator "NA"]
[PlyCount "92"]
[EventDate "2020.02.08"]
[EventType "swiss"]
[EventCountry "URU"]
[SourceTitle "playchess.com"]
[Source "ChessBase"]
[SourceQuality "1"]
[TimeControl "5400+30"]

1. c4 {[%emt 0:00:00]} e5 {[%emt 0:02:03]} 2. g3 {[%emt 0:00:00]} Nc6 {[%emt 0:00:33]} 3. Bg2 {[%emt 0:00:00]} f5 {[%emt 0:00:30]} 4. Nc3 {[%emt 0:00:00]} Nf6 {[%emt 0:00:08]} 5. e3 {[%emt 0:00:08]} g6 {[%emt 0:01:11]} 6. Nge2 {[%emt 0:00:09]} Bg7 {[%emt 0:00:06]} 7. O-O {[%emt 0:00:46]} O-O {[%emt 0:00:58]} 8. Rb1 {[%emt 0:02:10]} Ne7 {[%emt 0:09:39]} 9. d4 {[%emt 0:18:49]} d6 {[%emt 0:05:44]} 10. Nd5 {[%emt 0:13:14]} (10. b3 $14) 10... c6 $14 {[%emt 0:05:13]} (10... Nexd5 $15 11. cxd5 b6) 11. Nxf6+ {[%emt 0:00:12]} Bxf6 {[%emt 0:00:07]} 12. Nc3 {[%emt 0:03:09]} Qe8 {[%emt 0:16:54]} 13. b3 {[%emt 0:08:20]} Qf7 {[%emt 0:05:04]} 14. Ba3 {[%emt 0:03:02]} exd4 {[%emt 0:12:33]} 15. exd4 {[%emt 0:00:25]} Rd8 {[%emt 0:01:55]} 16. Re1 {[%emt 0:13:13]} Qg7 {[%emt 0:01:45]} 17. Qd2 {[%emt 0:11:02]} f4 {[%emt 0:07:04]} 18. Qxf4 {[%emt 0:04:05]} Nf5 {[%emt 0:00:49]} 19. Ne4 {[%emt 0:04:32]} Bxd4 {[%emt 0:00:14]} 20. Rbd1 {[%emt 0:00:21]} c5 {[%emt 0:03:15]} 21. Ng5 {[%emt 0:01:24]} Rf8 {[%emt 0:03:12]} 22. Bd5+ {[%emt 0:01:16]} Kh8 {[%emt 0:01:12]} 23. Nf7+ {[%emt 0:01:21]} Rxf7 {[%emt 0:01:21]} 24. Bxf7 {[%emt 0:00:13]} Qxf7 {[%emt 0:01:25]} 25. g4 {[%emt 0:00:32]} g5 {[%emt 0:06:02]} 26. Qe4 {[%emt 0:11:12]} Bd7 {[%emt 0:01:30]} 27. Qxb7 {[%emt 0:01:18]} Rf8 {[%emt 0:01:23]} 28. gxf5 {[%emt 0:01:00]} Qxf5 {[%emt 0:06:35]} 29. Qg2 {[%emt 0:00:45]} Qxf2+ {[%emt 0:01:41]} 30. Qxf2 {[%emt 0:00:18]} Bxf2+ {[%emt 0:00:10]} 31. Kf1 {[%emt 0:00:37]} Bh3+ {[%emt 0:04:01]} 32. Ke2 {[%emt 0:00:11]} Bg4+ {[%emt 0:00:05]} 33. Kd3 {[%emt 0:01:10]} Bxd1 {[%emt 0:00:29]} 34. Bb2+ {[%emt 0:00:56]} Bd4 {[%emt 0:00:24]} 35. Bxd4+ {[%emt 0:00:08]} cxd4 {[%emt 0:00:04]} 36. Rxd1 {[%emt 0:00:14]} Rf2 {[%emt 0:00:27]} 37. Ke4 {[%emt 0:01:26]} Rxh2 {[%emt 0:00:17]} 38. Kf5 {[%emt 0:00:25]} Rxa2 {[%emt 0:01:54]} 39. Kxg5 {[%emt 0:00:18]} Rb2 {[%emt 0:00:28]} 40. Rxd4 {[%emt 0:00:12]} Rxb3 {[%emt 0:00:04]} 41. Rxd6 {[%emt 0:00:24]} Rc3 {[%emt 0:01:15]} 42. Rd8+ {[%emt 0:00:31]} Kg7 {[%emt 0:00:05]} 43. Rd7+ {[%emt 0:00:03]} Kg8 {[%emt 0:00:48]} 44. Rd8+ {[%emt 0:01:35]} Kf7 {[%emt 0:00:19]} 45. Rd7+ {[%emt 0:00:18]} Ke6 {[%emt 0:00:05]} 46. Rxa7 {[%emt 0:00:09]} Ke5 1/2-1/2

[Event "IV Copa Marcel Duchamp 2020"]
[Site "Montevideo"]
[Date "2020.02.15"]
[Round "9.22"]
[White "Barandiaran, Gabriel"]
[Black "Guerrero, Alvaro"]
[Result "0-1"]
[WhiteElo "1834"]
[BlackElo "2094"]
[Annotator "NA"]
[PlyCount "110"]
[EventDate "2020.02.08"]
[EventType "swiss"]
[EventCountry "URU"]
[SourceTitle "playchess.com"]
[Source "ChessBase"]
[SourceQuality "1"]
[TimeControl "5400+30"]

1. b4 {[%emt 0:02:20]} f5 {[%emt 0:14:13]} 2. Bb2 {[%emt 0:00:13]} Nf6 {[%emt 0:00:12]} 3. Nf3 {[%emt 0:00:21]} c6 {[%emt 0:02:16]} 4. e3 {[%emt 0:00:17]} d5 {[%emt 0:00:41]} 5. c4 {[%emt 0:05:18]} e6 {[%emt 0:00:08]} 6. c5 {[%emt 0:02:50]} b6 {[%emt 0:00:24]} 7. d4 {[%emt 0:03:41]} a5 {[%emt 0:02:17]} 8. a3 {[%emt 0:01:46]} Be7 {[%emt 0:06:02]} 9. Ne5 {[%emt 0:03:07]} O-O {[%emt 0:01:40]} 10. Be2 {[%emt 0:01:39]} Qc7 {[%emt 0:04:19]} 11. Nd2 {[%emt 0:02:51]} Na6 $14 {[%emt 0:03:11]} 12. cxb6 {[%emt 0:13:02]} Qxb6 {[%emt 0:00:13]} 13. Qa4 {[%emt 0:00:16]} axb4 {[%emt 0:04:29]} 14. Qxc6 {[%emt 0:01:40]} Rb8 {[%emt 0:03:25]} 15. a4 {[%emt 0:10:43]} Qa7 {[%emt 0:14:01]} 16. Bb5 {[%emt 0:08:36]} Rb6 {[%emt 0:02:55]} 17. Qc2 {[%emt 0:00:59]} Nb8 {[%emt 0:02:25]} 18. O-O {[%emt 0:03:23]} Ba6 {[%emt 0:02:09]} 19. Bxa6 {[%emt 0:05:08]} Rxa6 {[%emt 0:01:26]} 20. Rfc1 {[%emt 0:00:30]} Bd6 {[%emt 0:00:41]} 21. Ndf3 {[%emt 0:04:24]} Ne4 {[%emt 0:01:04]} 22. Ne1 {[%emt 0:06:47]} f4 {[%emt 0:07:53]} 23. exf4 {[%emt 0:08:25]} Bxe5 {[%emt 0:03:29]} 24. dxe5 {[%emt 0:00:15]} Rxf4 {[%emt 0:03:43]} 25. Nd3 {[%emt 0:00:52]} Rf8 {[%emt 0:02:56]} 26. Qc7 {[%emt 0:01:09]} Nd2 {[%emt 0:04:19]} 27. Qxa7 {[%emt 0:02:25]} Rxa7 {[%emt 0:00:02]} 28. Nc5 {[%emt 0:02:11]} Kf7 {[%emt 0:01:26]} 29. Bd4 {[%emt 0:01:05]} Rc7 {[%emt 0:00:39]} 30. a5 {[%emt 0:00:31]} Nc4 {[%emt 0:01:20]} 31. a6 {[%emt 0:00:46]} Nc6 {[%emt 0:00:13]} 32. Nb3 {[%emt 0:03:23]} Ra8 {[%emt 0:00:58]} 33. f4 {[%emt 0:01:57]} Kg6 {[%emt 0:05:19]} 34. Bc5 {[%emt 0:00:44]} Kf5 {[%emt 0:00:28]} 35. g3 {[%emt 0:00:27]} g5 {[%emt 0:00:26]} 36. fxg5 {[%emt 0:02:15]} Kxg5 {[%emt 0:01:54]} 37. Bd6 {[%emt 0:00:34]} Rca7 {[%emt 0:00:31]} 38. Nc5 {[%emt 0:00:06]} N6xe5 {[%emt 0:01:09]} 39. Nxe6+ {[%emt 0:00:25]} Kf6 {[%emt 0:00:18]} 40. Nc7 {[%emt 0:00:04]} Nxd6 {[%emt 0:00:12]} 41. Nxd5+ {[%emt 0:00:45]} Kg5 {[%emt 0:01:29]} 42. Nxb4 {[%emt 0:00:15]} Nf5 {[%emt 0:02:01]} 43. Ra5 {[%emt 0:00:38]} Nf3+ {[%emt 0:00:22]} 44. Kf2 {[%emt 0:00:41]} N3d4 {[%emt 0:00:06]} 45. g4 {[%emt 0:01:15]} Kxg4 {[%emt 0:00:09]} 46. Rg1+ {[%emt 0:00:38]} Kh4 {[%emt 0:00:13]} 47. Rga1 {[%emt 0:00:41]} Kg5 {[%emt 0:01:20]} 48. Re1 {[%emt 0:00:24]} Kg6 {[%emt 0:00:25]} 49. Re4 {[%emt 0:00:44]} Rb8 {[%emt 0:00:37]} 50. Nd5 {[%emt 0:00:44]} Rb2+ {[%emt 0:00:21]} 51. Ke1 {[%emt 0:00:18]} Nf3+ {[%emt 0:00:43]} 52. Kd1 {[%emt 0:00:09]} N5d4 {[%emt 0:00:57]} 53. Nf4+ {[%emt 0:00:39]} Kf7 {[%emt 0:00:16]} 54. Kc1 {[%emt 0:00:16]} Rc2+ {[%emt 0:00:13]} 55. Kd1 {[%emt 0:00:08]} Rd2+ {[%emt 0:00:18]} 0-1

[Event "IV Copa Marcel Duchamp 2020"]
[Site "Montevideo"]
[Date "2020.02.15"]
[Round "9.23"]
[White "Escofet, Jaime"]
[Black "Gomez Troccoli, Martin"]
[Result "1/2-1/2"]
[WhiteElo "2025"]
[BlackElo "2004"]
[Annotator "ChessBase"]
[PlyCount "107"]
[EventDate "2020.02.08"]
[EventType "swiss"]
[EventCountry "URU"]
[SourceTitle "playchess.com"]
[Source "ChessBase"]
[SourceQuality "1"]
[TimeControl "5400+30"]

1. e4 e6 {[%emt 0:03:05]} 2. d4 {[%emt 0:00:00]} d5 {[%emt 0:00:04]} 3. Nd2 {[%emt 0:00:00]} Nf6 {[%emt 0:00:06]} 4. e5 {[%emt 0:00:00]} Nfd7 {[%emt 0:00:04]} 5. Bd3 {[%emt 0:00:03]} c5 {[%emt 0:00:05]} 6. c3 {[%emt 0:00:05]} Nc6 {[%emt 0:00:04]} 7. Ne2 {[%emt 0:00:11]} cxd4 {[%emt 0:00:06]} 8. cxd4 {[%emt 0:00:07]} f6 {[%emt 0:00:06]} 9. exf6 {[%emt 0:02:13]} Nxf6 {[%emt 0:00:05]} 10. O-O {[%emt 0:00:17]} Bd6 {[%emt 0:00:07]} 11. Nf3 {[%emt 0:00:08]} Qc7 {[%emt 0:00:08]} 12. Bg5 {[%emt 0:01:02]} O-O {[%emt 0:00:08]} 13. Bh4 {[%emt 0:00:19]} Nh5 {[%emt 0:02:15]} 14. Rc1 {[%emt 0:01:57]} Rxf3 {[%emt 0:07:11]} 15. gxf3 {[%emt 0:00:07]} Bxh2+ {[%emt 0:00:04]} 16. Kg2 {[%emt 0:00:13]} Bf4 {[%emt 0:03:06]} 17. Rc2 {[%emt 0:02:07]} e5 {[%emt 0:00:56]} 18. Bg3 {[%emt 0:01:36]} Qf7 {[%emt 0:04:04]} 19. Rh1 {[%emt 0:00:35]} Nb4 {[%emt 0:03:13]} 20. dxe5 {[%emt 0:02:54]} Nxd3 {[%emt 0:01:46]} 21. Qxd3 {[%emt 0:00:07]} Bf5 {[%emt 0:00:23]} 22. Qc3 {[%emt 0:01:19]} Bh6 {[%emt 0:13:57]} 23. e6 {[%emt 0:04:01]} Bxe6 {[%emt 0:01:28]} 24. Qe5 {[%emt 0:00:26]} Nxg3 {[%emt 0:04:27]} 25. Qxg3 {[%emt 0:01:42]} Qf6 {[%emt 0:00:55]} 26. Rc7 {[%emt 0:01:39]} Rd8 {[%emt 0:04:07]} 27. Rxb7 {[%emt 0:00:12]} d4 {[%emt 0:00:34]} 28. Rb8 {[%emt 0:00:38]} Bc8 {[%emt 0:01:21]} 29. Qc7 {[%emt 0:02:04]} Qf8 {[%emt 0:06:08]} 30. Qc4+ {[%emt 0:12:20]} Kh8 {[%emt 0:01:01]} 31. Rxc8 {[%emt 0:10:46]} Rxc8 {[%emt 0:00:06]} 32. Qxd4 {[%emt 0:00:06]} Qe7 {[%emt 0:01:19]} 33. Ng3 {[%emt 0:00:41]} Rd8 {[%emt 0:01:40]} 34. Re1 {[%emt 0:03:49]} Qc7 {[%emt 0:04:00]} 35. Nf5 {[%emt 0:01:09]} Bg5 {[%emt 0:00:51]} 36. Qg4 {[%emt 0:01:47]} Bf6 {[%emt 0:00:18]} 37. Re7 {[%emt 0:00:48]} Qb6 {[%emt 0:01:53]} 38. Re2 {[%emt 0:04:23]} Bxb2 {[%emt 0:03:06]} 39. Qe4 {[%emt 0:00:35]} Qg6+ {[%emt 0:00:52]} 40. Ng3 {[%emt 0:01:11]} Qxe4 {[%emt 0:00:27]} 41. fxe4 {[%emt 0:00:07]} Be5 {[%emt 0:00:11]} 42. Rc2 {[%emt 0:01:22]} g6 {[%emt 0:04:56]} 43. Ne2 {[%emt 0:00:11]} g5 {[%emt 0:00:50]} 44. Rc5 {[%emt 0:02:26]} Re8 {[%emt 0:00:57]} 45. Ra5 {[%emt 0:00:32]} Re7 {[%emt 0:00:40]} 46. f3 {[%emt 0:01:33]} h6 {[%emt 0:06:40]} 47. Ng3 {[%emt 0:00:23]} Bb8 {[%emt 0:02:13]} 48. Ra6 {[%emt 0:01:08]} Bxg3 {[%emt 0:01:15]} 49. Kxg3 {[%emt 0:00:08]} Kg7 {[%emt 0:00:04]} 50. Kg4 {[%emt 0:02:20]} Rf7 {[%emt 0:00:04]} 51. a4 {[%emt 0:00:48]} Rf4+ {[%emt 0:01:13]} 52. Kg3 {[%emt 0:00:10]} Rf7 {[%emt 0:00:24]} 53. Rc6 h5 54. Ra6 1/2-1/2

[Event "IV Copa Marcel Duchamp 2020"]
[Site "Montevideo"]
[Date "2020.02.15"]
[Round "9.24"]
[White "De la Torre, Andres"]
[Black "Trois, Francisco R.T."]
[Result "0-1"]
[WhiteElo "1595"]
[BlackElo "2141"]
[Annotator "ChessBase"]
[PlyCount "46"]
[EventDate "2020.02.08"]
[EventType "swiss"]
[EventCountry "URU"]
[SourceTitle "playchess.com"]
[Source "ChessBase"]
[SourceQuality "1"]
[TimeControl "5400+30"]

1. Nf3 {[%emt 0:00:00]} g6 {[%emt 0:00:17]} 2. g3 {[%emt 0:00:00]} Bg7 {[%emt 0:00:07]} 3. Bg2 {[%emt 0:00:07]} e5 {[%emt 0:00:21]} 4. d3 {[%emt 0:00:18]} d5 {[%emt 0:00:07]} 5. c3 {[%emt 0:01:43]} Ne7 {[%emt 0:00:29]} 6. Nbd2 {[%emt 0:02:31]} Nbc6 {[%emt 0:05:48]} 7. e4 {[%emt 0:05:23]} h6 {[%emt 0:03:15]} 8. Qc2 {[%emt 0:04:43]} O-O {[%emt 0:01:55]} 9. O-O {[%emt 0:01:38]} Be6 {[%emt 0:07:15]} 10. b3 {[%emt 0:03:13]} f5 {[%emt 0:02:54]} 11. Ba3 {[%emt 0:03:26]} dxe4 {[%emt 0:04:38]} 12. dxe4 {[%emt 0:00:27]} f4 {[%emt 0:00:06]} 13. Rad1 {[%emt 0:01:11]} Qe8 {[%emt 0:06:52]} 14. h4 {[%emt 0:03:56]} Qf7 {[%emt 0:03:06]} 15. Kh2 {[%emt 0:01:54]} g5 {[%emt 0:04:54]} 16. hxg5 {[%emt 0:04:17]} Qh5+ {[%emt 0:00:39]} 17. Kg1 {[%emt 0:00:32]} hxg5 {[%emt 0:00:07]} 18. Rde1 {[%emt 0:06:11]} Rf7 {[%emt 0:07:13]} 19. Qd1 {[%emt 0:03:12]} Ng6 {[%emt 0:02:58]} 20. Bc1 {[%emt 0:02:29]} Raf8 {[%emt 0:04:14]} 21. Nh2 {[%emt 0:01:53]} g4 {[%emt 0:00:21]} 22. f3 {[%emt 0:02:01]} fxg3 {[%emt 0:00:27]} 23. Nxg4 {[%emt 0:05:35]} Bxg4 {[%emt 0:00:25]} 0-1

[Event "IV Copa Marcel Duchamp 2020"]
[Site "Montevideo"]
[Date "2020.02.15"]
[Round "9.25"]
[White "Meza, Anahi"]
[Black "Santiso, Daniel"]
[Result "1-0"]
[WhiteElo "2046"]
[BlackElo "1900"]
[Annotator "NA"]
[PlyCount "83"]
[EventDate "2020.02.08"]
[EventType "swiss"]
[EventCountry "URU"]
[SourceTitle "playchess.com"]
[Source "ChessBase"]
[SourceQuality "1"]
[TimeControl "5400+30"]

1. d4 {[%emt 0:00:00]} e6 {[%emt 0:00:00]} 2. c4 {[%emt 0:00:00]} f5 {[%emt 0:00:00]} 3. g3 {[%emt 0:00:00]} Nf6 {[%emt 0:00:00]} 4. Bg2 {[%emt 0:00:00]} c6 {[%emt 0:00:14]} 5. Nc3 {[%emt 0:00:07]} d5 {[%emt 0:00:07]} 6. Nh3 {[%emt 0:02:23]} Bd6 {[%emt 0:03:43]} 7. O-O {[%emt 0:00:10]} O-O {[%emt 0:00:31]} 8. Bf4 {[%emt 0:00:48]} b6 {[%emt 0:02:03]} 9. Bxd6 {[%emt 0:20:05]} Qxd6 {[%emt 0:00:15]} 10. b3 {[%emt 0:00:05]} Bb7 {[%emt 0:05:39]} 11. e3 {[%emt 0:03:07]} Na6 {[%emt 0:04:04]} 12. Rc1 {[%emt 0:01:24]} Ne4 {[%emt 0:05:19]} 13. Ne2 {[%emt 0:04:18]} Rad8 $11 {[%emt 0:06:20]} 14. Nef4 {[%emt 0:03:08]} dxc4 {[%emt 0:05:55]} 15. Bxe4 {[%emt 0:02:04]} fxe4 {[%emt 0:00:09]} 16. Ng5 {[%emt 0:00:47]} Nc7 {[%emt 0:19:28]} 17. Qh5 {[%emt 0:14:46]} h6 {[%emt 0:00:16]} 18. Nxe4 {[%emt 0:00:07]} Qe7 {[%emt 0:00:30]} 19. Ng6 {[%emt 0:06:58]} Qe8 {[%emt 0:01:10]} 20. Qg4 {[%emt 0:06:01]} cxb3 {[%emt 0:02:03]} 21. Nxf8 {[%emt 0:00:39]} Qxf8 {[%emt 0:00:56]} 22. axb3 {[%emt 0:00:02]} Nd5 {[%emt 0:00:43]} 23. Qxe6+ {[%emt 0:00:34]} Kh8 {[%emt 0:00:15]} 24. Qg6 {[%emt 0:01:29]} Ne7 {[%emt 0:02:42]} 25. Qg4 {[%emt 0:03:08]} Bc8 {[%emt 0:00:41]} 26. Qf4 {[%emt 0:00:26]} Qg8 {[%emt 0:00:22]} 27. Qc7 {[%emt 0:04:14]} Qf8 {[%emt 0:05:23]} 28. Qf4 {[%emt 0:04:03]} Qg8 {[%emt 0:01:04]} 29. Nd2 {[%emt 0:04:18]} Bh3 {[%emt 0:01:08]} 30. Rfe1 {[%emt 0:00:20]} Rf8 31. Qh4 {[%emt 0:01:56]} Qe6 {[%emt 0:01:56]} 32. Qe4 {[%emt 0:01:57]} Qf7 {[%emt 0:02:45]} 33. f4 {[%emt 0:00:05]} Be6 {[%emt 0:03:28]} 34. Nc4 {[%emt 0:00:58]} Bd5 {[%emt 0:02:11]} 35. Qd3 {[%emt 0:00:08]} b5 {[%emt 0:06:28]} 36. Ne5 {[%emt 0:00:10]} Qg8 {[%emt 0:07:17]} 37. e4 {[%emt 0:03:42]} Bxb3 {[%emt 0:02:37]} 38. d5 {[%emt 0:00:23]} Bc4 {[%emt 0:00:59]} 39. Nxc4 {[%emt 0:01:29]} bxc4 {[%emt 0:00:09]} 40. Qxc4 {[%emt 0:00:05]} cxd5 {[%emt 0:00:09]} 41. Qc5 {[%emt 0:02:07]} Re8 {[%emt 0:01:43]} 42. Qxa7 1-0